| 000 | 00489nam a22001457a 4500 | ||
|---|---|---|---|
| 082 | _a621.39 | ||
| 100 | _aSamad, Saleha | ||
| 245 |
_aOrientation In-Variance Object Recognition using Geometric Moments and Color Histograms / _cSaleha Samad |
||
| 260 |
_aIslamabad : _bCEME - NUST, _c2014. |
||
| 300 |
_a44 p. ; _c30cm. |
||
| 650 |
_aComputer Engineering-MS-Thesis _916083 |
||
| 700 |
_aDr. Shoab A Khan _918474 |
||
| 942 |
_2ddc _cTHE |
||
| 999 |
_c537429 _d537429 |
||